000 00618nam a2200229Ia 4500
003 0100
005 20161214090315.0
008 130303s9999 xx 000 0 und d
020 _a0385005156
040 _cARRUPELIB
050 _aREF. BS192.2.A11964.G3 1985
245 4 _aThe Gospel according to Luke
245 _b(I-IX) and (X-XXIV)
260 _aNew York
260 _bDoubleday
300 _a2v.
300 _b 24cm
440 _aThe anchor bible series ; v. 28 and 28A
_928036
650 _aBible N.T.
_xCommentaries
_95439
700 _aFitzmyer, Joseph A. (tr.)
_928037
942 _2lcc
_cMONOGRAPH
999 _c25660
_d25660